Normal view
MARC view
- Educación sexual para mujeres
Entry Materia
001 - NÚMERO DE CONTROL DEL REGISTRO
- campo de control: 9153
003 - IDENTIFICADOR DE NUMERO DE CONTROL
- campo de control: MX-MxUPN
005 - FECHA Y HORA DE LA ÚLTIMA TRANSACCIÓN
- campo de control: 20251120102129.0
008 - DATOS DE LONGITUD FIJA
- campo de control de longitud fija: 251120n| acnnnbabn | ana |d
035 ## - NÚMERO DE CONTROL DEL SISTEMA
- Número de control del sistema: UPN10000009159
040 ## - FUENTE DE LA CATALOGACIÓN
- Centro catalogador de origen: MX-MxUPN
- Lengua de catalogación: spa
- Agencia de transcripción: MX-MxUPN
053 #4 - NÚMERO CLASIFICADOR - BIBLIOTECA DEL CONGRESO (LC)
- Elemento numérico de la clasificación - Número único o no. inicial del rango: HQ46
150 ## - ENCABEZAMIENTO - TEMÁTICO
- Término de materia o nombre geográfico como elemento inicial: Educación sexual para mujeres
670 ## - FUENTE EN LA QUE SE LOCALIZARON DATOS
- Cita de la fuente: B4
902 ## - CATALOGADOR
- Catalogador: MCM/310996
